Economic theory of bank credit / (Record no. 22810)
[ view plain ]
| 000 -LEADER | |
|---|---|
| fixed length control field | 01586cam a22003495i 4500 |
| 001 - CONTROL NUMBER | |
| control field | 18516533 |
| 005 - DATE AND TIME OF LATEST TRANSACTION | |
| control field | 20161024102007.0 |
| 008 - FIXED-LENGTH DATA ELEMENTS--GENERAL INFORMATION | |
| fixed length control field | 150305s2015 nyua fr 001 0 eng d |
| 010 ## - LIBRARY OF CONGRESS CONTROL NUMBER | |
| LC control number | 2015935255 |
| 020 ## - INTERNATIONAL STANDARD BOOK NUMBER | |
| International Standard Book Number | 9780198723073 |
| 020 ## - INTERNATIONAL STANDARD BOOK NUMBER | |
| International Standard Book Number | 0198723075 |
| 040 ## - CATALOGING SOURCE | |
| Original cataloging agency | DLC |
| Language of cataloging | eng |
| Transcribing agency | DLC |
| Modifying agency | EG-ScBUE |
| 042 ## - AUTHENTICATION CODE | |
| Authentication code | pcc |
| 082 ## - DEWEY DECIMAL CLASSIFICATION NUMBER | |
| Edition number | 22 |
| Classification number | 332.7 |
| Item number | HAH |
| 100 1# - MAIN ENTRY--PERSONAL NAME | |
| Personal name | Hahn, L. Albert, |
| Dates associated with a name | 1889-1968 |
| 9 (RLIN) | 41602 |
| 245 10 - TITLE STATEMENT | |
| Title | Economic theory of bank credit / |
| Statement of responsibility, etc | L. Albert Hahn ; translated by Clemens Matt ; introduction by Harald Hagemann. |
| 260 ## - PUBLICATION, DISTRIBUTION, ETC. (IMPRINT) | |
| Place of publication, distribution, etc | Oxford ; |
| -- | New York : |
| Name of publisher, distributor, etc | Oxford University Press, |
| Date of publication, distribution, etc | 2015. |
| 300 ## - PHYSICAL DESCRIPTION | |
| Extent | xlii, 195 p. : |
| Other physical details | ill. ; |
| Dimensions | 22 cm. |
| 500 ## - GENERAL NOTE | |
| General note | Index : p. 189-195. |
| 504 ## - BIBLIOGRAPHY, ETC. NOTE | |
| Bibliography, etc | Includes bibliographical references. |
| 520 ## - SUMMARY, ETC. | |
| Summary, etc | Economic Theory of Bank Credit' is a clear exposition of a theory of credit, standing in the tradition of Harley Withers, Henry Macleod, and Knut Wicksell. A theory of credit recognises that banks are not only intermediaries of savings but in fact create money themselves. This idea is paired with a detailed accountof the technical processes of the banking sector. |
| 590 ## - LOCAL NOTE (RLIN) | |
| Local note | Wessam |
| 650 #7 - SUBJECT ADDED ENTRY--TOPICAL TERM | |
| Topical term or geographic name as entry element | Credit. |
| Source of heading or term | BUEsh |
| 9 (RLIN) | 32160 |
| 650 #7 - SUBJECT ADDED ENTRY--TOPICAL TERM | |
| Topical term or geographic name as entry element | Banks and banking. |
| Source of heading or term | BUEsh |
| 9 (RLIN) | 5607 |
| 651 ## - SUBJECT ADDED ENTRY--GEOGRAPHIC NAME | |
| Source of heading or term | BUEsh |
| 653 ## - INDEX TERM--UNCONTROLLED | |
| Resource For college | BAEPS, Economics |
| Arrived date list | October2016 |
| 653 ## - INDEX TERM--UNCONTROLLED | |
| Resource For college | BAEPS, Business Administration |
| Arrived date list | October2016 |
| 700 1# - ADDED ENTRY--PERSONAL NAME | |
| Personal name | Matt, Clemens |
| Relator term | translator. |
| 9 (RLIN) | 41600 |
| 700 1# - ADDED ENTRY--PERSONAL NAME | |
| Personal name | Hagemann, Harald |
| Relator term | author of introduction, etc. |
| 9 (RLIN) | 41601 |
| 856 41 - ELECTRONIC LOCATION AND ACCESS | |
| Materials specified | Table of contents only |
| Uniform Resource Identifier | <a href="http://www.loc.gov/catdir/enhancements/fy1604/2015935255-t.html">http://www.loc.gov/catdir/enhancements/fy1604/2015935255-t.html</a> |
| 942 ## - ADDED ENTRY ELEMENTS (KOHA) | |
| Source of classification or shelving scheme | Dewey Decimal Classification |
| Edition | 22 |
| Call number prefix | 332.7 HAH |
| Withdrawn status | Item status | Source of classification or shelving scheme | Damaged status | Not for loan | Vendor | Home library | Current library | Shelving location | Date acquired | Source of acquisition | Cost, normal purchase price | Serial Enumeration / chronology | Total Checkouts | Full call number | Barcode | Date last seen | Cost, replacement price | Koha item type |
|---|---|---|---|---|---|---|---|---|---|---|---|---|---|---|---|---|---|---|
| Dewey Decimal Classification | Baccah | Central Library | Central Library | First floor | 24/10/2016 | Purchase | 750.00 | 25846 | 332.7 HAH | 000033952 | 15/07/2025 | 937.50 | Book - Borrowing |